| 000 | 02034nam a22002297a 4500 | ||
|---|---|---|---|
| 999 |
_c64128 _d64128 |
||
| 003 | Ge_BSU | ||
| 005 | 20260408171312.0 | ||
| 008 | 260408s2020 ge ||||| |||| 00| 0 geo d | ||
| 020 | _a9789941258107 | ||
| 041 | _ageo | ||
| 080 | _a338.22(075.8) 330.101.542(075.8) ლ-65 | ||
| 100 |
_aლიპარტია, ზურაბ _927305 |
||
| 245 |
_aბიზნესის ანალიზი - შეფასება და განვითარების პროგნოზირება : _b[სახელმძღვანელო] / _cზურაბ ლიპარტია; სამეცნიერო რედაქტორები: დავით ჯალაღონია, იური პაპასქუა, რუსუდან ქუთათელაძე, თინა გელაშვილი; ყდის დიზაინი გიორგი ჩიქვინიძე; სოხუმის სახელმწიფო უნივერსიტეტი, ბიზნესისა და სოციალურ მეცნიერებათა ფაკულტეტი. |
||
| 264 |
_aთბილისი : _bმერიდიანი, _c2020. |
||
| 300 |
_a620 გვ. : _b ნახ. ,ცხრ. ; _c29 სმ. |
||
| 500 | _aთავფურცლის მე-3 გვერდი ინგლისურ ენაზე, მე-5 გვერდი რუსულ ენაზე. | ||
| 501 | _aიბეჭდება ავტორის მიერ წარმოდგენილი სახით. | ||
| 700 |
_aჯალაღონია, დავით _eსამეცნიერო რედაქტორი _914560 |
||
| 700 |
_aპაპასქუა, იური _eსამეცნიერო რედაქტორი _9564 |
||
| 700 |
_aქუთათელაძე, რუსუდან და სხვ. _eსამეცნიერო რედაქტორი _927306 |
||
| 942 |
_2udc _cᲬᲘᲒᲜᲘ |
||